[Event "Challenge"]
[Site "http://www.queenalice.com/game.php?id=1861740"]
[Date "2025.8.17"]
[Round "-"]
[White "Rocio"]
[Black "dejami"]
[Result "1-0"]
[WhiteElo "1493"]
[BlackElo "1757"]

1. e4 e5 2. Bc4 Nc6 3. Nf3 Nf6 4. d3 Bc5 5. h3 Bb4+ 6. c3 Bc5 7. Rf1 h6 8. a3
Na5 9. Bd5 c6 10. Ba2 b5 11. Qd2 Nh5 12. Nxe5 Bd6 13. Nf3 Bf4 14. Qc2 g5 15. c4
Ba6 16. Nc3 Nb7 17. g3 Bc7 18. Be3 Qe7 19. cxb5 Bxb5 20. g4 Ng7 21. O-O-O Qf6
22. Nd4 Nd6 23. f4 Qe7 24. Rf3 Nb7 25. fxg5 h5 26. Qb3 Ne6 27. Nf5 Qf8 28. g6
fxg6 29. Nd4 Qe7 30. Rdf1 O-O-O 31. Nc2 Bxd3 32. Rd1 Bxc2 33. Kxc2 Na5 34. Qa4
hxg4 35. hxg4 Rh2+ 36. Kb1 Rg2 37. Bxa7 Ng5 38. Rfd3 Ne6 39. e5 Nc5 40. Bxc5
Qxc5 41. Rc1 Qf2 42. Rc2 Rg1+ 43. Rd1 Rxd1+ 44. Nxd1 Qe1 45. Rc5 Nb7 46. Rc1
Qxe5 47. Nc3 Nc5 48. Qa8+ Bb8 49. Bc4 Kc7 50. Qa5+ Kd6 51. Qxd8 Bc7 52. Rd1+ 1-0

[Event "Challenge"]
[Site "http://www.queenalice.com/game.php?id=1865683"]
[Date "2025.11.17"]
[Round "-"]
[White "dejami"]
[Black "amadeo"]
[Result "1-0"]
[WhiteElo "1785"]
[BlackElo "1463"]

1. e4 e5 2. Bc4 Nf6 3. Qf3 Bc5 4. h3 d5 5. exd5 O-O 6. d3 c6 7. Nc3 Qe7 8. Qe2
b5 9. Bb3 Bb7 10. Bg5 h6 11. Bh4 a5 12. Ne4 Nbd7 13. c3 cxd5 14. Ng3 a4 15. Bc2
b4 16. Nf5 Qe6 17. Qf3 e4 18. dxe4 dxe4 19. Qf4 e3 20. f3 Nd5 21. Qg4 g6 22.
Nxh6+ Kg7 23. Bg5 Qxg4 24. hxg4 f6 25. c4 fxg5 26. cxd5 Bxd5 27. Rd1 Rh8 28.
Rxd5 Rad8 29. Nh3 Rxh6 30. Ke2 a3 31. b3 Bb6 32. Rhd1 Rc8 33. Rxd7+ Kf8 34. R7d6
Rh7 35. Rxb6 Rxc2+ 36. Kxe3 Re7+ 37. Kd3 Rc3+ 38. Kd2 Rd7+ 39. Ke1 Re3+ 40. Kf2
Rxd1 41. Kxe3 Ra1 42. Rxb4 Rxa2 43. Ra4 Kg7 44. Nxg5 Ra1 45. Kf2 a2 46. Ne4 Rb1
47. Rxa2 Rxb3 48. Nc5 Rc3 49. Ne4 Rc6 50. g5 Rc7 51. g4 Re7 52. Nf6 Re5 53. f4
Rc5 54. Ne8+ Kf7 55. Nd6+ Kg7 56. Ne4 Rc4 57. Kf3 Rb4 58. Ra7+ Kf8 59. Nf6 Rb3+
60. Kg2 Rb2+ 61. Kg3 Rb3+ 62. Kf2 Rb2+ 63. Kf3 Rb3+ 64. Ke4 Rb4+ 65. Ke5 Rb5+
66. Nd5 1-0

[Event "Challenge"]
[Site "http://www.queenalice.com/game.php?id=1865684"]
[Date "2025.11.17"]
[Round "-"]
[White "amadeo"]
[Black "dejami"]
[Result "0-1"]
[WhiteElo "1484"]
[BlackElo "1730"]

1. e4 e5 2. Nf3 Qf6 3. Bc4 h6 4. a3 Nc6 5. O-O Na5 6. d3 c6 7. Nc3 b5 8. Ba2 g5
9. b4 Nb7 10. Be3 g4 11. Nd2 d6 12. Qe2 h5 13. f3 g3 14. hxg3 Qg6 15. Qf2 Be7
16. f4 h4 17. gxh4 Bxh4 18. Qf3 Bg4 19. f5 Qg7 20. f6 Qg6 21. Bxf7+ Kxf7 22.
Qxg4 Qxg4 23. Nf3 Bg3 24. Bf2 Qh5 25. Bxg3 Nh6 26. Bh4 Rag8 27. Rf2 Ng4 28. Re2
Nxf6 29. g3 Qxf3 30. Rf2 Qe3 31. Nd1 Rxg3+ 32. Bxg3 Qxg3+ 33. Rg2 Qe1# 0-1

[Event "Challenge"]
[Site "http://www.queenalice.com/game.php?id=1866742"]
[Date "2025.12.8"]
[Round "-"]
[White "crisvolei"]
[Black "dejami"]
[Result "1-0"]
[WhiteElo "1568"]
[BlackElo "1788"]

1. e4 e5 2. Nh3 h6 3. Bc4 Be7 4. Qf3 Bf6 5. d4 exd4 6. e5 Qe7 7. O-O Bg5 8. Nxg5
hxg5 9. Bxg5 Qf8 10. h4 Nc6 11. Nd2 Nxe5 12. Rfe1 d6 13. Re4 Ne7 14. Rae1 f6 15.
Bf4 Nxf3+ 16. gxf3 Kd8 17. Rxd4 Nf5 18. Rde4 Bd7 19. Nb3 b6 20. Bd5 c6 21. Be6
d5 22. R4e2 Nxh4 23. Nd4 Ng6 24. Bg3 Kc8 25. Bxd7+ Kxd7 26. Re6 Qc5 27. Rd6+ Kc7
28. Rxc6+ Kd7 29. Rxc5 bxc5 30. Nf5 Rae8 31. Rd1 Kc6 32. Nxg7 Re2 33. b4 cxb4
34. Nf5 Rh7 35. Nd4+ Kc5 36. Nxe2 f5 37. Nd4 Kc4 38. Nb3 f4 39. Bh2 Rd7 40. Na5+
Kb5 41. Nb3 a6 42. Nd4+ Ka4 43. Rd3 Ka5 44. Ne6 Kb6 45. Nxf4 Nxf4 46. Bxf4 Kc5
47. Be3+ Kc4 48. Bd4 Rf7 49. Be5 Rf5 50. f4 a5 51. Kg2 Rh5 52. Rd4+ Kc5 53. Kg3
Rh1 54. f5 Rh5 55. Kg4 Rh1 56. f6 Rh8 57. Kf5 Rf8 58. Ke6 Re8+ 59. Kf5 Rf8 60.
Kg6 Re8 61. f7 Rxe5 62. Rh4 Re6+ 63. Kf5 Re2 64. f8=Q+ Kc6 65. Qa8+ Kd6 66. Qa6+
1-0

[Event "Challenge"]
[Site "http://www.queenalice.com/game.php?id=1866744"]
[Date "2025.12.8"]
[Round "-"]
[White "iliov2008"]
[Black "dejami"]
[Result "0-1"]
[WhiteElo "1502"]
[BlackElo "1736"]

1. e4 e5 2. Nc3 c6 3. Nf3 Qf6 4. d3 h6 5. a4 Na6 6. d4 Bb4 7. Bxa6 bxa6 8. dxe5
Qg6 9. g3 Qxe4+ 10. Be3 a5 11. Ke2 Ba6+ 12. Kd2 Qc4 13. Ng1 Qd5+ 14. Kc1 Qxh1
15. Bd2 Qxh2 16. Nf3 Qxf2 17. Ne4 Qb6 18. Bxb4 Qxb4 19. Nd6+ Kf8 20. c3 Qb6 21.
b3 Qe3+ 22. Nd2 Qxc3+ 23. Kb1 Bd3+ 24. Ka2 Qxe5 25. N2c4 Bxc4 26. bxc4 Rb8 27.
Qd2 Qxg3 28. Qd1 Qf2+ 29. Ka3 Qb2# 0-1

[Event "Challenge"]
[Site "http://www.queenalice.com/game.php?id=1866745"]
[Date "2025.12.8"]
[Round "-"]
[White "dejami"]
[Black "iliov2008"]
[Result "1-0"]
[WhiteElo "1756"]
[BlackElo "1480"]

1. e4 e5 2. Bc4 d6 3. Qf3 Nf6 4. h3 h5 5. g4 hxg4 6. Qb3 Be6 7. Bxe6 fxe6 8.
Qxb7 Nbd7 9. Qc6 a5 10. d3 d5 11. Bg5 Bb4+ 12. c3 Be7 13. h4 dxe4 14. Qxe6 Nc5
15. Qc6+ Ncd7 16. Bxf6 gxf6 17. Qxe4 Nc5 18. Qg6+ Kd7 19. Kd2 Rg8 20. Qf7 g3 21.
f3 g2 22. Rh2 a4 23. Kc2 Kc8 24. Qc4 c6 25. Nd2 Rg3 26. Ne4 Nxe4 27. Qxe4 Qc7
28. Rd1 Rg7 29. h5 Rf7 30. Rxg2 Rf8 31. Rg7 Kb7 32. a3 f5 33. Qc4 Bf6 34. Rxc7+
Kxc7 35. Ne2 Rh8 36. Qf7+ Kb6 37. Qxf6 Rxh5 38. Qxe5 Rh2 39. Qxh2 Ra5 40. c4 Rc5
41. Qb8+ Ka6 42. Nc3 Ra5 43. Re1 1-0